A36_世帯人数の平均WORST100の市区町村 - Statistics

General Stats
  • This quiz has been taken 9 times
  • The average score is 70 of 100
Answer Stats
順位 都道府
県名
種類 世帯
人数の
平均
(人)
市町村名 % Correct
1 東京都 1.432 青ヶ島村
100%
4 東京都 特別区 1.571 新宿区
100%
5 東京都 特別区 1.627 渋谷区
100%
6 東京都 特別区 1.642 豊島区
100%
8 東京都 特別区 1.659 中野区
100%
11 東京都 1.694 利島村
100%
13 東京都 特別区 1.739 台東区
100%
18 東京都 特別区 1.783 港区
100%
21 東京都 特別区 1.797 文京区
100%
22 東京都 特別区 1.804 千代田区
100%
27 東京都 特別区 1.829 中央区
100%
32 東京都 特別区 1.851 目黒区
100%
39 東京都 特別区 1.872 大田区
100%
42 東京都 特別区 1.874 北区
100%
62 東京都 特別区 1.945 荒川区
100%
72 東京都 特別区 1.985 江東区
100%
84 鹿児島県 2.005 十島村
100%
91 東京都 2.010 小笠原村
100%
7 東京都 1.652 三宅村
88%
15 東京都 特別区 1.759 杉並区
88%
17 東京都 特別区 1.779 品川区
88%
24 沖縄県 1.812 粟国村
88%
31 奈良県 1.850 川上村
88%
34 東京都 特別区 1.861 板橋区
88%
90 東京都 特別区 2.010 練馬区
88%
2 北海道 1.538 占冠村
75%
9 奈良県 1.675 上北山村
75%
10 奈良県 1.688 下北山村
75%
14 奈良県 1.759 野迫川村
75%
16 神奈川県 1.779 箱根町
75%
23 沖縄県 1.810 北大東村
75%
26 和歌山県 1.820 北山村
75%
33 鹿児島県 1.858 三島村
75%
35 静岡県 1.861 熱海市
75%
36 島根県 1.865 知夫村
75%
38 東京都 特別区 1.869 墨田区
75%
43 東京都 1.874 八丈町
75%
46 大阪府 1.879 大阪市
75%
50 沖縄県 1.898 南大東村
75%
51 東京都 特別区 1.919 世田谷区
75%
52 東京都 1.926 武蔵野市
75%
57 北海道 1.935 夕張市
75%
60 東京都 1.942 大島町
75%
61 福岡県 1.943 福岡市
75%
70 高知県 1.982 室戸市
75%
73 北海道 1.990 倶知安町
75%
85 青森県 2.006 六ヶ所村
75%
87 京都府 2.009 京都市
75%
92 高知県 2.011 土佐清水市
75%
93 東京都 特別区 2.015 足立区
75%
95 東京都 2.018 国立市
75%
96 山梨県 2.018 小菅村
75%
98 埼玉県 2.019 蕨市
75%
99 北海道 2.021 ニセコ町
75%
100 群馬県 2.021 南牧村
75%
12 東京都 1.727 御蔵島村
63%
19 沖縄県 1.784 座間味村
63%
28 高知県 1.839 大川村
63%
30 沖縄県 1.846 渡嘉敷村
63%
40 山梨県 1.873 丹波山村
63%
45 群馬県 1.879 草津町
63%
48 北海道 1.896 紋別市
63%
49 北海道 1.897 赤井川村
63%
54 長野県 1.927 王滝村
63%
58 北海道 1.938 利尻町
63%
65 奈良県 1.976 東吉野村
63%
66 北海道 1.978 室蘭市
63%
67 長野県 1.978 売木村
63%
74 東京都 1.991 狛江市
63%
78 香川県 1.994 直島町
63%
80 東京都 1.997 小金井市
63%
81 三重県 1.998 尾鷲市
63%
82 北海道 1.999 留寿都村
63%
83 北海道 2.003 奥尻町
63%
86 東京都 2.006 福生市
63%
3 沖縄県 1.545 渡名喜村
50%
25 高知県 1.820 大豊町
50%
29 北海道 1.841 上川町
50%
37 北海道 1.866 中川町
50%
41 山口県 1.874 上関町
50%
47 沖縄県 1.887 竹富町
50%
56 福島県 1.930 楢葉町
50%
59 北海道 1.942 泊村
50%
64 高知県 1.974 仁淀川町
50%
68 島根県 1.979 西ノ島町
50%
69 高知県 1.981 馬路村
50%
71 長野県 1.985 平谷村
50%
75 鹿児島県 1.991 大和村
50%
77 和歌山県 1.994 古座川町
50%
79 宮崎県 1.996 西米良村
50%
88 東京都 2.009 調布市
50%
89 北海道 2.009 長万部町
50%
20 高知県 1.787 東洋町
38%
44 福島県 1.879 広野町
38%
53 北海道 1.926 上砂川町
38%
63 北海道 1.965 松前町
38%
94 北海道 2.015 浜頓別町
38%
97 鹿児島県 2.019 瀬戸内町
38%
55 北海道 1.928 喜茂別町
25%
76 群馬県 1.992 神流町
25%
No matching quizzes found
Score Distribution
Percent of People with Each Score
Percentile by Number Answered
Your Score History
You have not taken this quiz